Central Library OPAC University of Rajshahi

Three lives / (Record no. 18441)

MARC details
000 -LEADER
fixed length control field 00692nam a2200229 a 4500
001 - CONTROL NUMBER
control field 18441
003 - CONTROL NUMBER IDENTIFIER
rucl marc code BD-RjUL
005 - DATE AND TIME OF LATEST TRANSACTION
control field 20211209000302.0
008 - FIXED-LENGTH DATA ELEMENTS--GENERAL INFORMATION
fixed length control field 880808r19701909nyu 000 1 eng
035 ## - SYSTEM CONTROL NUMBER
System control number (BD-RjUL)18499
040 ## - CATALOGING SOURCE
Original cataloging agency DLC
Transcribing agency BD-RjUL
Modifying agency BD-RjUL
Language of cataloging eng
041 ## - LANGUAGE CODE
Language code of text/sound track or separate title eng
082 ## - DEWEY DECIMAL CLASSIFICATION NUMBER
Classification number 823.9
Author mark and year STT 1970
100 1# - MAIN ENTRY--PERSONAL NAME
Personal name Stein, Gertrude,
Dates associated with a name 1874-1946.
9 (RLIN) 56829
245 10 - TITLE STATEMENT
Title Three lives /
Statement of responsibility, etc. by Gertrude Stein, introduction by Carl Van Vechten
260 ## - PUBLICATION, DISTRIBUTION, ETC. (IMPRINT)
Place of publication, distribution, etc. New York :
Name of publisher, distributor, etc. Modern Library,
Date of publication, distribution, etc. [1933] reprinted 1970
300 ## - PHYSICAL DESCRIPTION
Pagination 279 p. ;
Size 17 cm
490 0# - SERIES STATEMENT
Series statement Modern library of the world's best books
500 ## - GENERAL NOTE
General note "First Modern Library edition 1933."
942 ## - ADDED ENTRY ELEMENTS (KOHA)
Source of classification or shelving scheme Dewey Decimal Classification
Koha item type Books
Holdings
Lost status Source of classification or shelving scheme Damaged status Not for loan Collection code Permanent Location Current Location Shelving location Date acquired Source of acquisition Cost, normal purchase price Total Checkouts Full call number Date last seen Copy number Koha item type
  Dewey Decimal Classification   Not For Loan Fiction Central Library, University of Rajshahi Central Library, University of Rajshahi Reading Room 09/08/1972 Book Center Dacca 44.00   823.9 STT 1970 20/02/2014 C-1 Books